000 00759pam a2200253 a 4500
001 17134656
005 20180130035501.0
008 120125s2004 moua b 001 0 eng
010 _a 2011293753
020 _a9780323024495
040 _aDLC
_cDLC
041 _aeng
042 _apcc
080 _a617
082 _2617 MAL
100 1 _a6
101 _aANE
245 1 0 _aHandbook of local anesthesia /
_cStanley F. Malamed ; selected illustrations by Imagineering Scientific and Technical Artworks, Inc.
246 3 0 _aLocal anesthesia
504 _aIncludes bibliographical references and index.
906 _a7
_bcbc
_corigcop
_d2
_eepcn
_f20
_gy-gencatlg
942 _2ddc
_cBK
999 _c41236
_d41236